AC Yule and Son Ltd v Speedwell Roofing and Cladding Ltd (Record no. 79108)
[ view plain ]
| 000 -LEADER | |
|---|---|
| fixed length control field | 01789cad a22002175a 4500 |
| 001 - CONTROL NUMBER | |
| control field | L139850 |
| 008 - FIXED-LENGTH DATA ELEMENTS--GENERAL INFORMATION | |
| fixed length control field | 070815e20070531xxk f v 000 0 eng d |
| 035 ## - SYSTEM CONTROL NUMBER | |
| System control number | (Sirsi) u139850 |
| 041 0# - LANGUAGE CODE | |
| Language code of text/sound track or separate title | eng |
| 245 00 - TITLE STATEMENT | |
| Title | AC Yule and Son Ltd v Speedwell Roofing and Cladding Ltd |
| Medium | [electronic resource] |
| 260 ## - PUBLICATION, DISTRIBUTION, ETC. | |
| Date of publication, distribution, etc. | 2007 |
| 520 ## - SUMMARY, ETC. | |
| Summary, etc. | [2007] EWHC 1360 (TCC), 31 May 2007. Considers the enforcement of an adjudicator's decision apparently issued late and estoppel by silence. Claimant (Y) commenced adjudication proceedings against defendant (S) in accordance with the Scheme for Construction Contracts. The adjudicator sought more time and Y agreed to a 14 day extension, bringing the decision date to 3 April 2007. The adjudicator's decision was made on 4 April and S refused to pay Y, arguing the decision was after the agreed extended period and a nullity. "Held": the judge rejected S?s argument and enforced the adjudicator?s decision. S?s silence and conduct during the week before the decision was due had been consistent with it having agreed to an extension to 5 April (as requested by the adjudicator and agreed to by Y). Therefore the judge agreed that there had been an estoppel by silence. |
| 590 ## - LOCAL NOTE (RLIN) | |
| Local note | KA |
| 650 24 - SUBJECT ADDED ENTRY--TOPICAL TERM | |
| Topical term or geographic name entry element | AC YULE AND SON LTD V SPEEDWELL ROOFING & CLADDING LTD |
| 650 24 - SUBJECT ADDED ENTRY--TOPICAL TERM | |
| Topical term or geographic name entry element | HOUSING GRANTS, CONSTRUCTION AND REGENERATION ACT 1996 |
| 650 24 - SUBJECT ADDED ENTRY--TOPICAL TERM | |
| Topical term or geographic name entry element | SCHEME FOR CONSTRUCTION CONTRACTS (ENGLAND AND WALES) REGULATIONS 1998 |
| 651 #4 - SUBJECT ADDED ENTRY--GEOGRAPHIC NAME | |
| Geographic name | England and Wales |
| Chronological subdivision | 1543- |
| 690 ## - LOCAL SUBJECT ADDED ENTRY--TOPICAL TERM (OCLC, RLIN) | |
| Topical term or geographic name as entry element | MANAGEMENT-DISPUTE AVOIDANCE, MANAGEMENT AND RESOLUTION-DISPUTE MANAGEMENT AND RESOLUTION-ALTERNATIVE DISPUTE RESOLUTION-ADJUDICATION |
| 856 40 - ELECTRONIC LOCATION AND ACCESS | |
| Uniform Resource Identifier | <a href="https://www.bailii.org/cgi-bin/markup.cgi?doc=/ew/cases/EWHC/TCC/2007/1360.html">https://www.bailii.org/cgi-bin/markup.cgi?doc=/ew/cases/EWHC/TCC/2007/1360.html</a> |
| Public note | View the judgment free of charge at www.bailii.org... |
| 942 ## - ADDED ENTRY ELEMENTS (KOHA) | |
| Suppress in OPAC | 0 |
| Withdrawn status | Lost status | Source of classification or shelving scheme | Damaged status | Not for loan | Home library | Current library | Shelving location | Date acquired | Total Checkouts | Full call number | Barcode | Date last seen | Copy number | Price effective from | Koha item type |
|---|---|---|---|---|---|---|---|---|---|---|---|---|---|---|---|
| Dewey Decimal Classification | Virtual | Virtual | Online | 15/08/2007 | ONLINE PUBLICATION | 139850-2001 | 06/08/2019 | 1 | 06/08/2019 | Law report |